Stone Fox y la carrera de trineos / (Record no. 29343)

MARC details
000 -LEADER
fixed length control field 01493cam a2200421Ia 4500
001 - CONTROL NUMBER
control field sjds1081036
003 - CONTROL NUMBER IDENTIFIER
control field sjds
005 - DATE AND TIME OF LATEST TRANSACTION
control field 20240305094843.0
008 - FIXED-LENGTH DATA ELEMENTS--GENERAL INFORMATION
fixed length control field 961028s1996 sp a j 000 1 spa d
020 ## - INTERNATIONAL STANDARD BOOK NUMBER
International Standard Book Number 8427932324 (pbk.)
020 ## - INTERNATIONAL STANDARD BOOK NUMBER
International Standard Book Number 9788427932326
035 ## - SYSTEM CONTROL NUMBER
System control number 257603
035 ## - SYSTEM CONTROL NUMBER
System control number (OCoLC)35803224
035 ## - SYSTEM CONTROL NUMBER
System control number 257603
040 ## - CATALOGING SOURCE
Original cataloging agency CS1
Transcribing agency CS1
Modifying agency OCL
-- IFA
-- UtOrBLW
041 1# - LANGUAGE CODE
Language code of text/sound track or separate title spa
Language code of original eng
049 ## - LOCAL HOLDINGS (OCLC)
Holding library IFAA
100 1# - MAIN ENTRY--PERSONAL NAME
Personal name Gardiner, John Reynolds,
Relator term author.
245 10 - TITLE STATEMENT
Title Stone Fox y la carrera de trineos /
Statement of responsibility, etc. John Reynolds Gardiner ; (ilustraciones de Marcia Sewall) ; [traduccion, Ana Cristina Werring Millet].
250 ## - EDITION STATEMENT
Edition statement 1a edition.
260 ## - PUBLICATION, DISTRIBUTION, ETC. (IMPRINT)
Place of publication, distribution, etc. Barcelona :
Name of publisher, distributor, etc. Noguer y Caralt,
Date of publication, distribution, etc. 1996.
264 #1 - PRODUCTION, PUBLICATION, DISTRIBUTION, MANUFACTURE, AND COPYRIGHT NOTICE
Place of production, publication, distribution, manufacture Barcelona :
Name of producer, publisher, distributor, manufacturer Noguer y Caralt,
Date of production, publication, distribution, manufacture, or copyright notice 1996.
300 ## - PHYSICAL DESCRIPTION
Extent 93 pages :
Other physical details illustrations ;
Dimensions 22 cm.
336 ## - CONTENT TYPE
Content type term text
Content type code txt
Source rdacontent
337 ## - MEDIA TYPE
Media type term unmediated
Media type code n
Source rdamedia
338 ## - CARRIER TYPE
Carrier type term volume
Carrier type code nc
Source rdacarrier
490 1# - SERIES STATEMENT
Series statement Cuatro vientos ;
Volume/sequential designation 113
500 ## - GENERAL NOTE
General note Translation of: Stone Fox.
500 ## - GENERAL NOTE
General note "A partir de 10 años"--Back cover.
520 ## - SUMMARY, ETC.
Summary, etc. Little Willie hopes to pay the back taxes on his grandfather's farm with the purse from a dog sled race he enters.
526 0# - STUDY PROGRAM INFORMATION NOTE
Program name Accelerated Reader
Interest level MG
Reading level 4.0
Title point value 1.0
Public note 293SP
650 #0 - SUBJECT ADDED ENTRY--TOPICAL TERM
Topical term or geographic name as entry element Sled dog racing
Form subdivision Juvenile fiction.
650 #7 - SUBJECT ADDED ENTRY--TOPICAL TERM
Topical term or geographic name as entry element Carreras de trineo
Form subdivision Novela juvenil.
Source of heading or term local
700 1# - ADDED ENTRY--PERSONAL NAME
Personal name Sewall, Marcia.
700 1# - ADDED ENTRY--PERSONAL NAME
Personal name Gardiner, John Reynolds.
Title of a work Stone fox.
830 #0 - SERIES ADDED ENTRY--UNIFORM TITLE
Uniform title Cuatro vientos ;
Volume number/sequential designation 113.
942 ## - ADDED ENTRY ELEMENTS (KOHA)
Koha item type Libro/Book
Holdings
Withdrawn status Lost status Damaged status Not for loan Home library Current library Date acquired Inventory number Total Checkouts Full call number Barcode Date last seen Date checked out Price effective from Koha item type
        San Juan Del Sur -- Mobile San Juan Del Sur -- Mobile 04/03/2024 Inventory date: 27-2-25 3 JF 33016153 06/11/2024 31/10/2024 04/03/2024 Libro/Book

Powered by Koha